000 00644nam a22002177a 4500
999 _c164523
_d164523
005 20191217141133.0
008 190522b ||||| |||| 00| 0 eng d
020 _a8180940047
_c180.00
035 _aB-168152
037 _bBPPD/PUB
040 _adpl
_ben
050 _a574.192
082 _a574.192
100 _aVeerakumari, L
245 _aBiochemistry/
_cby L. Veerakumari
260 _aChennai
_bMJP Publishers
_c2004
270 _a47, Nallarhambi Street, Triplicane,
_bChennai
_e6000005
300 _axii, 379p
_c22cm(pbk)
942 _2ddc
_cEN
_h574.192
_mVEE